000 01597nam0a2200373 4500
001 RU\NLR\BIBL_A\010533883
005 20250614064409.0
010 _a978-5-7444-3335-2
_9500
021 _aRU
_b2014-69307
_94249
035 _a(NILC)RuMoRGB-007551427
035 _a(NLR Aleph) 010533883
090 _a10268754
_c10268754
100 _a20141118d2014 |||y0rusy50 ca
101 1 _aeng
_crus
102 _aRU
105 _aa z 000yy
200 1 _aNoosphere - technogenesis - soils
_emonograph
_f[A. M. Derbentseva, O.V. Nesterova, L.P. Maiorova et al.
_gtext transl. V.N. Belikov, G.L. Ardeeva]
_gThe Min. of education a. science of the Russian Federation, Pacific nat. univ., Far Eastern federal univ.
210 _aVladivostok
_cFar Eastern federal univ.
_d2014
215 _a66, [2] с.
_cил.
_d29
300 _aАвт. указаны на обороте тит. л.
300 _aВ вып. дан.: Ноосфера - техногенез - почвы
320 _aБиблиогр. в конце кн.
517 1 _aНоосфера - техногенез - почвы
606 1 _aПочвы
_xТехногенное загрязнение
_92150573
_3RU\NLR\AUTH\661295172
610 0 _aтехнологические загрязнения и охрана почв
686 1 _aП032.518
701 1 _aDerbenceva
_bA.M.
_f1940-
_gAlla Michajlovna
701 1 _aNesterova
_bO.V.
_gOl'ga Vladimirovna
701 1 _aMajorova
_bL.P.
_gLjudmila Petrovna
801 0 _aRU
_bРГБ
_c20140912
_gRCR
942 _cBOOK
980 _aNB